03741nam a2200325 i 4500003000500000005001700005007000300022008004100025040002500066090002400091100003300115245016100148260007000309300001600379336002100395337002500416338002300441502009900464520233200563700003302895700003202928720003602960720004002996720004003036720003703076942004103113952011603154952012803270999001703398CSPC20250918103448.0ta240425s2023 ph a m 000 0deng d aCSPCbengcCSPCerda aUTH BSOA L473p 20231 aLeal, Francis R., eauthor. 10aParental involvement on the academic performance of students in a state college in Camarines Sur /cFrancis R. Leal, Regina B. Hosana, and Joy M. Guiruela.  aBuhi, Camarines Sur :bCamarines Sur Polytechnic Colleges,c2023. a90 leaves.  2rdacontentatext 2rdamediaaunmediated 2rdacarrieravolume aUndergraduate Thesis (BSOA)- Office AdministrationcCamarines Sur Polytechnic Colleges, 2023. 3 aThis study aims to determine and understand the Parental Involvement on the Academic Performance of students in a State College in Camarines Sur of the Bachelor of Science in Office Administration CSPC Buhi Campus. Specifically, it seeks to answer the following questions. 1) To determine the profile of the respondents in terms of a) Age b) Sex c) Educational Attainment d) Monthly Income e) Occupation f) Current Family Set-Up 2) Factors affecting parental involvement to the academic performance of students along family's; a) Economic Condition b) Academic Socialization 3) The level of parental involvement in terms of; a) Parenting Practices at home b) Parental involvement in school 4) Academic performance of the students for the last two semesters 5) Recommendations may be proposed to enhance parental involvement in student's academic performance. The methodology used was Descriptive Research Method. The conclusion was drawn from the study 1) thirty (30) respondents of Bachelor of Science in Office Administration in CSPC Buhi Campus personal profile were majority of the parents age belong to 41-45 years old above, and also majority of them were female. Their educational attainment were majority of high school graduate, in economic profile the monthly family income of them were below 5,000 pesos and most of the occupation of parents were housewife/househusband, and majority of their current family set-up were both living together with their child and 2) Factors Affecting the Parental Involvement of the respondents obtaining a weighted mean of 2.34 for the economic condition and 2.26 for the academic socialization, which the parents are in balance to care the academic performance of the students. 3) The Level of Parental Involvement to the academic performance of students are generally observed, which the parents are often involved of their child academic performance at home school. 4) The Students Academic Performance were having of 1.9-1.50 or 70 percent are in a satisfactory level in which this is not bad on getting higher grades in college. 5) The proposed suggestions or recommendations are provided towards effective parental involvement and academic performance of students were conducting a seminar or workshops and watching a relatable video for understanding this crucial matter. 1 aHosana, Regina B., eauthor.1 aGuiruela, Joy M., eauthor.1 aInfante, Leonisa O., eadviser.1 aLuzon, April Z., epanelist, chair.1 aManinang, Jeorgette N., epanelist.1 aVillar, Mariber M., epanelist.  2ddcn0cUMhL437p iBSOAkUTH m2023 00102ddc4071aBUHIbBUHIcUTHd2024-04-25l0oUTH BSOA L473p 2023p00061UM-BUHr2024-04-25 00:00:00t1-2yUM 00102ddc4071aBUHIbBUHIcUTHd2024-05-09l0oUTH BSOA L473p 2023p00092UM-BUHr2024-05-09 00:00:00t2-2w2024-05-09yUM c27514d27514